=LDR 00000nam 2200000 4500 =001 INLIS000000000021735 =005 20130612120551 =008 ***********************************Ind** =035 ##$$0010-061300000021735 =041 ##$$a Ind =082 ##$$a F Rom D =090 ##$$a From D, Har-y =100 ##$$a Harjana HP =245 ##$$a Yang Tak Tergoyahkan, Hardjana HP =260 ##$$a 1999 $b Jakarta =300 ##$$a 100 hlm., ilus., 21 Cm =650 ##$$a Fiksi Dewasa =850 ##$$a NBPNMAT